| 000 | 01328cam a22003374a 4500 | ||
|---|---|---|---|
| 001 | 13015406 | ||
| 003 | NUST-PNEC | ||
| 005 | 20170116180658.0 | ||
| 008 | 021127s2003 maua b 001 0 eng | ||
| 010 | _a 2002043691 | ||
| 020 | _a158053337X | ||
| 040 |
_aDLC _cPNEC _dDLC |
||
| 042 | _apcc | ||
| 050 | 0 | 0 |
_aQA76.9.F53 _bN34 2003 |
| 082 | 0 | 0 | _a005.741 NAG |
| 100 | 1 | _aNagao, Katashi. | |
| 245 | 1 | 0 |
_aDigital content annotation and transcoding _cKatashi Nagao. |
| 260 |
_aBoston, MA : _bArtech House, _c2003. |
||
| 300 |
_axv, 242 p. : _bill. ; _c24 cm. |
||
| 440 | 0 | _aArtech House digital audio and video library | |
| 500 | _aIncludes Index http://www.amazon.com/Digital-Content-Annotation-Transcoding-Library/dp/158053337X/ref=sr_1_2?s=books&ie=UTF8&qid=1409986982&sr=1-2&keywords=158053337X | ||
| 504 | _aIncludes bibliographical references and index. | ||
| 650 | 0 | _aFile processing (Computer science) | |
| 650 | 0 | _aData structures (Computer science) | |
| 650 | 0 | _aInformation storage and retrieval systems. | |
| 650 | 0 |
_aDigital media. _xEL, MS COMM |
|
| 650 | 0 | _aFile conversion (Computer science) | |
| 906 |
_a7 _bcbc _corignew _d1 _eocip _f20 _gy-gencatlg |
||
| 942 |
_2ddc _cBK |
||
| 999 |
_c60446 _d60446 |
||